[Event "DVM U14w 2014"]
[Site "Regensburg GER"]
[Date "2014.12.29"]
[Round "6"]
[White "Hallfarth, Freya"]
[Black "Hartmann, Katrin"]
[Result "1-0"]
[Termination "normal"]
[Board "7.3"]
[WhiteElo "1125"]
[BlackElo "1097"]
[WhiteTeam "SK Nordhorn-Blanke"]
[BlackTeam "SV 1926 Riegelsberg"]
[PlyCount "107"]
[WhiteFideId "12981168"]
[BlackFideId "16200632"]
[EventCountry "GER"]
[EventRounds "7"]
[EventType "team-swiss"]
[EventDate "2014.12.26"]

1. c4 c5 2. Nc3 Nf6 3. g3 g6 4. Bg2 Bg7 5. e3 Nc6 6. Nge2 d6 7. a3 O-O 8. O-O
Bd7 9. d4 cxd4 10. Nxd4 e5 11. Ndb5 Be6 12. Nxd6 Qd7 13. b3 Rfd8 14. Nde4 Nxe4
15. Bxe4 Qc8 16. Qc2 Bh3 17. Bg2 Rd6 18. Ne4 Bf5 19. Nxd6 Bxc2 20. Nxc8 e4 21.
Ra2 Bxb3 22. Rd2 Bxc4 23. Rfd1 Rxc8 24. Bb2 Bb3 25. Rc1 Bxb2 26. Rxb2 Ne7 27.
Rxc8+ Nxc8 28. Rxb3 b6 29. Bxe4 Nd6 30. Bd3 Kg7 31. e4 Kf6 32. f4 Ke6 33. Rc3
Kd7 34. e5 Nb7 35. Bb5+ Ke6 36. Rc7 Nc5 37. Rxa7 Ne4 38. Rb7 Nc3 39. Rxb6+ Kd5
40. a4 Kc5 41. Rb7 Nd5 42. Rxf7 Nc3 43. e6 Nd5 44. e7 Nxe7 45. Rxe7 Kb6 46. Re1
Ka5 47. g4 Kb6 48. f5 gxf5 49. gxf5 Ka5 50. f6 Kb6 51. f7 Ka5 52. f8=Q Kb6 53.
Rb1 Ka5 54. Qd8# 1-0

[Event "DVM U14w 2014"]
[Site "Regensburg GER"]
[Date "2014.12.29"]
[Round "6"]
[White "Holschuh, Nadia"]
[Black "Wolterink, Jule"]
[Result "1-0"]
[Termination "normal"]
[Board "7.4"]
[WhiteElo "750"]
[BlackElo "1008"]
[WhiteTeam "SV 1926 Riegelsberg"]
[BlackTeam "SK Nordhorn-Blanke"]
[PlyCount "37"]
[WhiteFideId "16200640"]
[BlackFideId "12981206"]
[EventCountry "GER"]
[EventRounds "7"]
[EventType "team-swiss"]
[EventDate "2014.12.26"]

1. e4 e6 2. d4 d5 3. Nd2 Nf6 4. e5 Nfd7 5. Ngf3 c5 6. c3 Nc6 7. Bd3 Qb6 8. O-O
Be7 9. Re1 h6 10. h3 O-O 11. b3 cxd4 12. cxd4 Nxd4 13. Nxd4 Qxd4 14. Bb2 Qxb2
15. Nf3 b6 16. Bb1 Bb7 17. Qd3 Rfc8 18. Qh7+ Kf8 19. Qh8# 1-0

[Event "DVM U14w 2014"]
[Site "Regensburg GER"]
[Date "2014.12.29"]
[Round "6"]
[White "Schneider, Xenia"]
[Black "Lederer, Leia"]
[Result "0-1"]
[Termination "normal"]
[Board "8.1"]
[WhiteElo "1107"]
[BlackElo "1569"]
[WhiteTeam "SK Endingen"]
[BlackTeam "SV Stuttgart-Wolfbusch"]
[PlyCount "48"]
[WhiteFideId "12911984"]
[BlackFideId "12926353"]
[EventCountry "GER"]
[EventRounds "7"]
[EventType "team-swiss"]
[EventDate "2014.12.26"]

1. e4 e5 2. Nf3 Nc6 3. Bc4 Bc5 4. Nc3 d6 5. h3 Nf6 6. d3 Be6 7. Bxe6 fxe6 8.
Bg5 Qd7 9. O-O O-O-O 10. a3 h6 11. Bd2 g5 12. Qe2 g4 13. hxg4 Nxg4 14. Nh2 Nxh2
15. Kxh2 Qe7 16. g3 Nd4 17. Qd1 Rdf8 18. Kg2 h5 19. Be3 h4 20. Bxd4 Bxd4 21.
Ne2 Qh7 22. c3 hxg3 23. Rh1 Rxf2+ 24. Kg1 Qxh1# 0-1

[Event "DVM U14w 2014"]
[Site "Regensburg GER"]
[Date "2014.12.29"]
[Round "6"]
[White "Kobald, Jacqueline"]
[Black "Wagner, Anna"]
[Result "1-0"]
[Termination "normal"]
[Board "8.2"]
[WhiteElo "1207"]
[BlackElo "937"]
[WhiteTeam "SV Stuttgart-Wolfbusch"]
[BlackTeam "SK Endingen"]
[PlyCount "125"]
[WhiteFideId "12988162"]
[BlackFideId "12983489"]
[EventCountry "GER"]
[EventRounds "7"]
[EventType "team-swiss"]
[EventDate "2014.12.26"]

1. e4 {[%emt 0:00:00]} c6 2. Nf3 d5 3. exd5 cxd5 4. d4 Bg4 5. Nc3 e6 6. Bb5+
Nc6 7. Bf4 Bb4 8. a3 Bd6 9. Bg3 Bxg3 10. fxg3 Nf6 11. O-O O-O 12. Qd3 Bf5 13.
Qd2 a6 14. Bd3 Bxd3 15. Qxd3 Re8 16. Ne5 Qb6 17. Nxc6 Qxc6 18. Rae1 Re7 19. Qe3
Rae8 20. Qg5 Ne4 21. Nxe4 dxe4 22. c3 Qd5 23. Qf4 e5 24. Qxe4 Qxe4 25. Rxe4
exd4 26. Rxe7 Rxe7 27. cxd4 Rd7 28. Rd1 h6 29. Kf2 Re7 30. Kf3 Kh7 31. d5 Kg6
32. g4 Kf6 33. h4 Ke5 34. Re1+ Kd6 35. Rxe7 Kxe7 36. Ke3 Kd6 37. Kd4 g6 38. g3
a5 39. b3 b6 40. Kc4 h5 41. gxh5 gxh5 42. b4 axb4 43. axb4 f5 44. Kb5 Kxd5 45.
Kxb6 Kc4 46. b5 Kd5 47. Ka7 Ke4 48. b6 Kf3 49. b7 Kxg3 50. b8=Q+ Kxh4 51. Qf4+
Kh3 52. Qxf5+ Kg3 53. Qxh5 Kf4 54. Kb6 Ke4 55. Kc5 Kd3 56. Qe5 Kd2 57. Qg3 Kc2
58. Qe3 Kb2 59. Qd3 Kc1 60. Qe2 Kb1 61. Kc4 Ka1 62. Kc3 Kb1 63. Qb2# 1-0

[Event "DVM U14w 2014"]
[Site "Regensburg GER"]
[Date "2014.12.29"]
[Round "6"]
[White "Reinbold, Sorah Marie"]
[Black "Liu, Sijia Anna"]
[Result "1-0"]
[Termination "normal"]
[Board "8.3"]
[WhiteElo "869"]
[BlackElo "1040"]
[WhiteTeam "SK Endingen"]
[BlackTeam "SV Stuttgart-Wolfbusch"]
[PlyCount "65"]
[WhiteFideId "12983497"]
[BlackFideId "12989746"]
[EventCountry "GER"]
[EventRounds "7"]
[EventType "team-swiss"]
[EventDate "2014.12.26"]

1. e4 c5 2. Nf3 Nc6 3. Bc4 g6 4. O-O Bg7 5. Nc3 e6 6. d3 Nge7 7. Bg5 O-O 8. Re1
a6 9. a4 b6 10. e5 Bb7 11. d4 cxd4 12. Nxd4 Nxe5 13. Bb3 Re8 14. Ne4 d6 15. Bf6
d5 16. Bxe5 Bxe5 17. Ng5 Bg7 18. Ngxe6 fxe6 19. Nxe6 Qd6 20. c4 Bxb2 21. Rb1
Be5 22. a5 Qxe6 23. cxd5 Nxd5 24. Bc4 Qc6 25. Rxb6 Qxc4 26. Rxb7 Bc3 27. Rf1
Re6 28. Qb1 Qf4 29. g3 Qd6 30. Rc1 Bxa5 31. Qb2 Re1+ 32. Rxe1 Bxe1 33. Qg7# 1-0

[Event "DVM U14w 2014"]
[Site "Regensburg GER"]
[Date "2014.12.29"]
[Round "6"]
[White "Bünte, Kirsten"]
[Black "Rudolph, Eva"]
[Result "0-1"]
[Termination "normal"]
[Board "9.1"]
[WhiteElo "1316"]
[BlackElo "1278"]
[WhiteTeam "Gütersloher SV"]
[BlackTeam "Düsseldorfer SK"]
[PlyCount "106"]
[WhiteFideId "16200535"]
[BlackFideId "16200594"]
[EventCountry "GER"]
[EventRounds "7"]
[EventType "team-swiss"]
[EventDate "2014.12.26"]

1. e4 e5 2. Nf3 d6 3. Nc3 Be7 4. Bc4 Nf6 5. d3 O-O 6. Be3 c6 7. h3 d5 8. exd5
cxd5 9. Nxe5 dxc4 10. Nxc4 Re8 11. Qf3 Bc5 12. O-O-O Bxe3+ 13. fxe3 Nc6 14. g4
Be6 15. Nd2 a6 16. Rhg1 Qd7 17. e4 Reb8 18. g5 Ne8 19. h4 Ne5 20. Qf4 Qd6 21.
Qf2 b5 22. Kb1 b4 23. Ne2 a5 24. d4 Ng4 25. Qf3 a4 26. d5 Bd7 27. Nc4 Qc5 28.
Qd3 Nf2 29. Qe3 Qxe3 30. Nxe3 Nxd1 31. Rxd1 Rd8 32. Nc4 Bg4 33. Re1 Bxe2 34.
Rxe2 Nd6 35. Ne5 Rac8 36. Nc6 Re8 37. e5 Nc4 38. b3 axb3 39. cxb3 Nb6 40. Rd2
Nxd5 41. Rxd5 Rxc6 42. Kb2 Rce6 43. a3 bxa3+ 44. Kxa3 Rxe5 45. Rxe5 Rxe5 46. b4
f6 47. gxf6 gxf6 48. Ka4 f5 49. b5 Re8 50. Ka5 f4 51. b6 f3 52. b7 f2 53. b8=Q
Rxb8 0-1

[Event "DVM U14w 2014"]
[Site "Regensburg GER"]
[Date "2014.12.29"]
[Round "6"]
[White "Kogan, Dina Rachel"]
[Black "Neumann, Konstantina"]
[Result "0-1"]
[Termination "normal"]
[Board "9.2"]
[WhiteElo "1229"]
[BlackElo "1182"]
[WhiteTeam "Düsseldorfer SK"]
[BlackTeam "Gütersloher SV"]
[PlyCount "108"]
[WhiteFideId "16200608"]
[BlackFideId "16200543"]
[EventCountry "GER"]
[EventRounds "7"]
[EventType "team-swiss"]
[EventDate "2014.12.26"]

1. e4 {[%emt 0:00:00]} e5 2. Nf3 Nc6 3. d4 Nf6 4. Nc3 Bb4 5. Bd2 exd4 6. Nd5
Bxd2+ 7. Nxd2 d6 8. Nxf6+ Qxf6 9. Bc4 O-O 10. O-O h6 11. Qh5 Be6 12. Bd3 Rad8
13. Nf3 Rfe8 14. g4 Qxf3 15. h3 d5 16. Rae1 Ne7 17. Be2 Qf4 18. Bd3 Ng6 19. e5
Bc8 20. Bxg6 fxg6 21. Qxg6 Rxe5 22. Qd3 Rde8 23. Qd1 Bd7 24. Rxe5 Qxe5 25. Kg2
Bb5 26. Rg1 Qe4+ 27. Kg3 Rf8 28. f3 Qe3 29. Re1 Qf4+ 30. Kg2 Rf6 31. c3 d3 32.
Rf1 Rg6 33. Rf2 h5 34. Qb3 c6 35. Qd1 h4 36. Kg1 Qg3+ 37. Rg2 Qxh3 38. Qe1 Qxf3
39. Qxh4 Qd1+ 40. Kf2 Qe2+ 41. Kg1 Qd1+ 42. Kf2 Qc2+ 43. Kg1 d2 44. Qd8+ Kh7
45. Rh2+ Rh6 46. Rxh6+ Kxh6 47. Qh4+ Kg6 48. Qh5+ Kf6 49. g5+ Ke7 50. Qe2+ Bxe2
51. Kf2 d1=Q 52. c4 Qdd3 53. cxd5 Bh5+ 54. Ke1 Qde2# 0-1

[Event "DVM U14w 2014"]
[Site "Regensburg GER"]
[Date "2014.12.29"]
[Round "6"]
[White "Neumann, Anna-Alicia"]
[Black "Takeuchi, Alina"]
[Result "1-0"]
[Termination "normal"]
[Board "9.3"]
[WhiteElo "1115"]
[BlackElo "920"]
[WhiteTeam "Gütersloher SV"]
[BlackTeam "Düsseldorfer SK"]
[PlyCount "61"]
[WhiteFideId "16200551"]
[BlackFideId "16200616"]
[EventCountry "GER"]
[EventRounds "7"]
[EventType "team-swiss"]
[EventDate "2014.12.26"]

1. e4 d5 2. f3 e6 3. Nh3 dxe4 4. fxe4 e5 5. Nf2 Bc5 6. Qf3 Nf6 7. d3 h6 8. Be3
Bxe3 9. Qxe3 Ng4 10. Nxg4 Qh4+ 11. Nf2 Nc6 12. c3 O-O 13. d4 exd4 14. cxd4 Nb4
15. Qd2 Re8 16. Qxb4 Rxe4+ 17. Be2 Bg4 18. Nc3 Re3 19. g3 Qg5 20. Nxg4 h5 21.
Nxe3 Qxe3 22. Qxb7 Re8 23. Qxc7 Qxd4 24. Rd1 Qf6 25. Rf1 Qg5 26. Rxf7 Qg6 27.
Rdd7 Qc2 28. Rxg7+ Kh8 29. Rh7+ Kg8 30. Rdg7+ Kf8 31. Qf7# 1-0

[Event "DVM U14w 2014"]
[Site "Regensburg GER"]
[Date "2014.12.30"]
[Round "7"]
[White "Kublanov, Elizabeth"]
[Black "Moses, Selina"]
[Result "0-1"]
[Termination "normal"]
[Board "1.1"]
[WhiteElo "1363"]
[BlackElo "1827"]
[WhiteClock "00:07:21"]
[BlackClock "00:44:17"]
[WhiteTeam "SG Solingen"]
[BlackTeam "SV Muldental Wilkau-Haßlau"]
[PlyCount "108"]
[WhiteFideId "12944564"]
[BlackFideId "12908070"]
[EventCountry "GER"]
[EventRounds "7"]
[EventType "team-swiss"]
[EventDate "2014.12.26"]

1. d4 {[%clk 1:30:56]} d5 {[%clk 1:30:53]} 2. Nf3 {[%clk 1:31:18]} c6 {[%clk
1:31:12]} 3. e3 {[%clk 1:31:32]} Bg4 {[%clk 1:31:24]} 4. Bd3 {[%clk 1:31:12]}
Nf6 {[%clk 1:31:19]} 5. O-O {[%clk 1:29:23]} e6 {[%clk 1:31:23]} 6. b3 {[%clk
1:28:53]} Bd6 {[%clk 1:31:08]} 7. Bb2 {[%clk 1:28:28]} O-O {[%clk 1:29:52]} 8.
h3 {[%clk 1:22:45]} Bxf3 {[%clk 1:29:56]} 9. Qxf3 {[%clk 1:22:07]} Nbd7 {[%clk
1:29:50]} 10. Nd2 {[%clk 1:21:08]} Bb8 {[%clk 1:07:10]} 11. c4 {[%clk 1:12:54]}
Qc7 {[%clk 1:06:55]} 12. Qg3 {[%clk 1:12:30]} Qa5 {[%clk 0:57:08]} 13. Qf3
{[%clk 1:00:34]} Qxd2 {[%clk 0:57:14]} 14. Qe2 {[%clk 1:00:28]} Qxe2 {[%clk
0:57:23]} 15. Bxe2 {[%clk 1:00:45]} dxc4 {[%clk 0:55:05]} 16. bxc4 {[%clk
1:00:27]} e5 {[%clk 0:55:23]} 17. d5 {[%clk 0:55:41]} cxd5 {[%clk 0:55:32]} 18.
cxd5 {[%clk 0:55:34]} Nxd5 {[%clk 0:55:15]} 19. Bf3 {[%clk 0:55:10]} N7f6
{[%clk 0:54:12]} 20. Rad1 {[%clk 0:54:13]} e4 {[%clk 0:52:42]} 21. Bxe4 {[%clk
0:49:28]} Nxe4 {[%clk 0:52:55]} 22. Rxd5 {[%clk 0:49:42]} a6 {[%clk 0:45:48]}
23. a4 {[%clk 0:45:35]} Ba7 {[%clk 0:32:15]} 24. Rc1 {[%clk 0:38:11]} Rfd8
{[%clk 0:29:17]} 25. Rf5 {[%clk 0:26:47]} Ng3 {[%clk 0:19:31]} 26. fxg3 {[%clk
0:23:26]} Bxe3+ {[%clk 0:19:56]} 27. Kh2 {[%clk 0:23:00]} Bxc1 {[%clk 0:20:19]}
28. Bxc1 {[%clk 0:23:04]} Rd1 {[%clk 0:20:25]} 29. Bb2 {[%clk 0:21:37]} f6
{[%clk 0:19:50]} 30. Rc5 {[%clk 0:19:25]} Re8 {[%clk 0:19:49]} 31. g4 {[%clk
0:13:24]} Rb1 {[%clk 0:18:14]} 32. Ba3 {[%clk 0:10:55]} b5 {[%clk 0:18:23]} 33.
axb5 {[%clk 0:09:14]} axb5 {[%clk 0:18:47]} 34. Rc7 {[%clk 0:08:53]} Rb8 {[%clk
0:17:29]} 35. Bd6 {[%clk 0:07:58]} Rd1 {[%clk 0:12:56]} 36. Rc6 {[%clk
0:05:10]} Rd8 {[%clk 0:12:31]} 37. Bf4 {[%clk 0:03:51]} b4 {[%clk 0:12:16]} 38.
Bc1 {[%clk 0:02:49]} b3 {[%clk 0:11:28]} 39. Ba3 {[%clk 0:02:20]} Rb8 {[%clk
0:11:28]} 40. Bb2 {[%clk 0:00:44]} Rd2 {[%clk 0:11:43]} 41. Ba1 {[%clk
0:30:30]} b2 {[%clk 0:42:02]} 42. Bxb2 {[%clk 0:30:54]} Rbxb2 {[%clk 0:42:27]}
43. Rc8+ {[%clk 0:31:03]} Kf7 {[%clk 0:42:45]} 44. Kg3 {[%clk 0:30:47]} Rxg2+
{[%clk 0:43:01]} 45. Kh4 {[%clk 0:31:00]} Rb3 {[%clk 0:42:47]} 46. Rc7+ {[%clk
0:30:27]} Kg6 {[%clk 0:43:08]} 47. Rc6 {[%clk 0:10:22]} Rgg3 {[%clk 0:43:03]}
48. g5 {[%clk 0:10:15]} Rxh3+ {[%clk 0:42:45]} 49. Kg4 {[%clk 0:10:01]} Rbg3+
{[%clk 0:42:58]} 50. Kf4 {[%clk 0:10:06]} Rxg5 {[%clk 0:43:20]} 51. Re6 {[%clk
0:06:48]} Rh4+ {[%clk 0:43:10]} 52. Ke3 {[%clk 0:06:46]} Rg3+ {[%clk 0:43:29]}
53. Kd2 {[%clk 0:07:04]} Rh2+ {[%clk 0:43:51]} 54. Re2 {[%clk 0:07:21]} Rxe2+
{[%clk 0:44:17]} 0-1

[Event "DVM U14w 2014"]
[Site "Regensburg GER"]
[Date "2014.12.30"]
[Round "7"]
[White "Simon, Tessa"]
[Black "Kublanov, Carolin"]
[Result "1-0"]
[Termination "normal"]
[Board "1.2"]
[WhiteElo "1831"]
[BlackElo "1328"]
[WhiteClock "00:19:59"]
[BlackClock "00:03:25"]
[WhiteTeam "SV Muldental Wilkau-Haßlau"]
[BlackTeam "SG Solingen"]
[PlyCount "47"]
[WhiteFideId "12929395"]
[BlackFideId "12944548"]
[EventCountry "GER"]
[EventRounds "7"]
[EventType "team-swiss"]
[EventDate "2014.12.26"]

1. e4 {[%clk 1:30:59]} e6 {[%clk 1:30:45]} 2. d4 {[%clk 1:31:18]} d5 {[%clk
1:30:57]} 3. Nc3 {[%clk 1:31:34]} Bb4 {[%clk 1:30:34]} 4. e5 {[%clk 1:31:53]}
b6 {[%clk 1:30:10]} 5. Qg4 {[%clk 1:24:38]} Bf8 {[%clk 1:25:55]} 6. Bg5 {[%clk
1:13:37]} Qd7 {[%clk 1:15:30]} 7. Nge2 {[%clk 1:08:43]} Ba6 {[%clk 0:59:25]} 8.
Ng3 {[%clk 1:02:08]} Bxf1 {[%clk 0:55:13]} 9. Rxf1 {[%clk 1:02:31]} c5 {[%clk
0:49:54]} 10. dxc5 {[%clk 0:53:57]} bxc5 {[%clk 0:47:30]} 11. O-O-O {[%clk
0:51:40]} Nc6 {[%clk 0:42:16]} 12. f4 {[%clk 0:43:53]} h6 {[%clk 0:34:23]} 13.
Bh4 {[%clk 0:42:27]} g5 {[%clk 0:29:16]} 14. fxg5 {[%clk 0:36:06]} Nxe5 {[%clk
0:28:44]} 15. Qe2 {[%clk 0:31:20]} Bg7 {[%clk 0:16:04]} 16. Nh5 {[%clk
0:23:27]} Nd3+ {[%clk 0:09:29]} 17. Rxd3 {[%clk 0:23:19]} Bxc3 {[%clk 0:09:47]}
18. Rxc3 {[%clk 0:22:59]} hxg5 {[%clk 0:07:23]} 19. Ng7+ {[%clk 0:22:38]} Kd8
{[%clk 0:07:20]} 20. Bxg5+ {[%clk 0:22:14]} Kc7 {[%clk 0:04:17]} 21. Rxc5+
{[%clk 0:20:29]} Kb6 {[%clk 0:03:54]} 22. Be3 {[%clk 0:20:13]} Kb7 {[%clk
0:03:34]} 23. Rxf7 {[%clk 0:19:51]} Ne7 {[%clk 0:03:25]} 24. Rxe7 {[%clk
0:19:59]} 1-0

[Event "DVM U14w 2014"]
[Site "Regensburg GER"]
[Date "2014.12.30"]
[Round "7"]
[White "Böhle, Rebecca"]
[Black "Bashylina, Luisa"]
[Result "1-0"]
[Termination "normal"]
[Board "1.4"]
[WhiteElo "1332"]
[BlackElo "1006"]
[WhiteClock "00:04:07"]
[BlackClock "00:38:55"]
[WhiteTeam "SV Muldental Wilkau-Haßlau"]
[BlackTeam "SG Solingen"]
[PlyCount "115"]
[WhiteFideId "12963933"]
[BlackFideId "12983292"]
[EventCountry "GER"]
[EventRounds "7"]
[EventType "team-swiss"]
[EventDate "2014.12.26"]

1. e4 {[%clk 1:30:58]} e5 {[%clk 1:30:47]} 2. Nf3 {[%clk 1:31:20]} d6 {[%clk
1:30:59]} 3. Bc4 {[%clk 1:31:14]} Be7 {[%clk 1:31:07]} 4. Nc3 {[%clk 1:31:13]}
Nf6 {[%clk 1:31:15]} 5. d3 {[%clk 1:31:29]} O-O {[%clk 1:31:11]} 6. O-O {[%clk
1:31:40]} h6 {[%clk 1:31:12]} 7. h3 {[%clk 1:31:54]} Be6 {[%clk 1:30:45]} 8.
Bb3 {[%clk 1:32:12]} Bxb3 {[%clk 1:30:35]} 9. axb3 {[%clk 1:32:34]} Nc6 {[%clk
1:30:06]} 10. Bd2 {[%clk 1:31:29]} Nh7 {[%clk 1:28:47]} 11. Nd5 {[%clk
1:30:26]} f5 {[%clk 1:27:50]} 12. Ne3 {[%clk 1:26:54]} fxe4 {[%clk 1:25:18]}
13. dxe4 {[%clk 1:27:02]} Qe8 {[%clk 1:24:33]} 14. Nf5 {[%clk 1:25:05]} Qg6
{[%clk 1:23:05]} 15. Qe2 {[%clk 1:18:48]} Rf6 {[%clk 1:16:58]} 16. N3h4 {[%clk
1:14:49]} Qe8 {[%clk 1:16:29]} 17. Qc4+ {[%clk 1:11:56]} Kh8 {[%clk 1:15:57]}
18. Ne3 {[%clk 1:01:32]} Qh5 {[%clk 1:13:21]} 19. Nhf5 {[%clk 0:53:48]} Ng5
{[%clk 1:11:03]} 20. h4 {[%clk 0:45:41]} Nh7 {[%clk 1:09:12]} 21. Nd5 {[%clk
0:41:01]} Rf7 {[%clk 1:08:12]} 22. Nxc7 {[%clk 0:37:04]} Rc8 {[%clk 1:08:16]}
23. Nb5 {[%clk 0:32:09]} Qg6 {[%clk 1:07:03]} 24. Bb4 {[%clk 0:28:39]} Rd8
{[%clk 1:04:28]} 25. Bxd6 {[%clk 0:26:10]} Bxd6 {[%clk 1:04:42]} 26. Nbxd6
{[%clk 0:26:27]} Rc7 {[%clk 1:04:17]} 27. Rad1 {[%clk 0:24:53]} Rf8 {[%clk
1:03:01]} 28. Rd3 {[%clk 0:22:43]} a6 {[%clk 0:53:45]} 29. Rg3 {[%clk 0:21:47]}
Qf6 {[%clk 0:53:24]} 30. Qe2 {[%clk 0:17:26]} Nd4 {[%clk 0:52:57]} 31. Nxd4
{[%clk 0:17:14]} exd4 {[%clk 0:53:05]} 32. e5 {[%clk 0:16:53]} Qe6 {[%clk
0:50:56]} 33. Re1 {[%clk 0:15:37]} b5 {[%clk 0:48:59]} 34. Qe4 {[%clk 0:14:25]}
Re7 {[%clk 0:46:34]} 35. Rg6 {[%clk 0:12:40]} Qd7 {[%clk 0:46:10]} 36. Qg4
{[%clk 0:09:14]} Qxg4 {[%clk 0:44:46]} 37. Rxg4 {[%clk 0:09:35]} Rd8 {[%clk
0:44:50]} 38. Rxd4 {[%clk 0:08:45]} Rf8 {[%clk 0:44:24]} 39. e6 {[%clk
0:07:43]} Nf6 {[%clk 0:44:21]} 40. g4 {[%clk 0:05:57]} Ne8 {[%clk 0:44:06]} 41.
Nxe8 {[%clk 0:04:42]} Rfxe8 {[%clk 0:44:24]} 42. Rd6 {[%clk 0:04:41]} a5 {[%clk
0:44:41]} 43. c4 {[%clk 0:04:29]} bxc4 44. bxc4 {[%clk 0:04:51]} Kg8 {[%clk
0:43:40]} 45. f4 {[%clk 0:04:59]} Kf8 {[%clk 0:43:57]} 46. f5 {[%clk 0:05:17]}
Rc8 {[%clk 0:44:20]} 47. Rc1 {[%clk 0:05:20]} Rb8 {[%clk 0:44:39]} 48. Rc2
{[%clk 0:05:23]} a4 {[%clk 0:44:11]} 49. c5 {[%clk 0:05:21]} Rb4 {[%clk
0:44:07]} 50. Rg2 {[%clk 0:05:14]} Ke8 {[%clk 0:43:12]} 51. g5 {[%clk 0:04:36]}
hxg5 {[%clk 0:42:49]} 52. hxg5 {[%clk 0:04:39]} Rf4 {[%clk 0:41:50]} 53. Rd5
{[%clk 0:04:02]} Rb4 {[%clk 0:41:28]} 54. Rh2 {[%clk 0:04:19]} Rg4+ {[%clk
0:41:24]} 55. Kh1 {[%clk 0:04:39]} Rb7 {[%clk 0:40:18]} 56. f6 {[%clk 0:03:47]}
gxf6 {[%clk 0:39:12]} 57. gxf6 {[%clk 0:04:07]} Kf8 {[%clk 0:38:55]} 58. Rd8#
1-0

[Event "DVM U14w 2014"]
[Site "Regensburg GER"]
[Date "2014.12.30"]
[Round "7"]
[White "Wächter, Nathalie"]
[Black "Riegel, Arinna"]
[Result "1-0"]
[Termination "normal"]
[Board "2.1"]
[WhiteElo "1843"]
[BlackElo "1674"]
[WhiteClock "00:37:36"]
[BlackClock "00:29:42"]
[WhiteTeam "TuRa Harksheide"]
[BlackTeam "SF Sasbach"]
[PlyCount "91"]
[WhiteFideId "12921033"]
[BlackFideId "12931446"]
[EventCountry "GER"]
[EventRounds "7"]
[EventType "team-swiss"]
[EventDate "2014.12.26"]

1. d4 {[%clk 1:30:58]} d5 {[%clk 1:30:55]} 2. Nf3 {[%clk 1:31:20]} e6 {[%clk
1:31:19]} 3. c4 {[%clk 1:31:16]} Nf6 {[%clk 1:31:28]} 4. Nc3 {[%clk 1:31:27]}
Be7 {[%clk 1:31:24]} 5. Bf4 {[%clk 1:31:21]} b6 {[%clk 1:24:25]} 6. a3 {[%clk
1:23:08]} a6 {[%clk 1:20:32]} 7. cxd5 {[%clk 1:22:51]} Nxd5 {[%clk 1:20:01]} 8.
Nxd5 {[%clk 1:23:00]} exd5 {[%clk 1:20:28]} 9. Qc2 {[%clk 1:20:18]} c5 {[%clk
1:15:46]} 10. e3 {[%clk 1:19:44]} c4 {[%clk 1:11:12]} 11. Ne5 {[%clk 1:14:23]}
b5 {[%clk 0:52:48]} 12. Qd2 {[%clk 0:49:31]} Bb7 {[%clk 0:51:21]} 13. Be2
{[%clk 0:49:37]} Nc6 {[%clk 0:50:16]} 14. O-O {[%clk 0:49:47]} Nxe5 {[%clk
0:49:41]} 15. Bxe5 {[%clk 0:49:26]} O-O {[%clk 0:49:19]} 16. Qc2 {[%clk
0:42:55]} Bf6 {[%clk 0:47:22]} 17. f4 {[%clk 0:39:05]} Re8 {[%clk 0:43:59]} 18.
Rf3 {[%clk 0:34:45]} Be7 {[%clk 0:39:38]} 19. Rh3 {[%clk 0:31:43]} h6 {[%clk
0:38:09]} 20. Bh5 {[%clk 0:30:07]} Bc8 {[%clk 0:18:22]} 21. Rg3 {[%clk
0:28:00]} Bf6 {[%clk 0:16:54]} 22. Rf1 {[%clk 0:22:29]} Ra7 {[%clk 0:08:13]}
23. e4 {[%clk 0:20:48]} dxe4 {[%clk 0:05:57]} 24. Qxe4 {[%clk 0:21:06]} Rae7
{[%clk 0:03:36]} 25. Bxf6 {[%clk 0:18:09]} Rxe4 {[%clk 0:02:39]} 26. Rxg7+
{[%clk 0:18:13]} Kh8 {[%clk 0:01:39]} 27. Rxf7+ {[%clk 0:18:34]} Qxf6 {[%clk
0:00:33]} 28. Rxf6 {[%clk 0:18:56]} Rd8 {[%clk 0:01:01]} 29. Rxh6+ {[%clk
0:18:58]} Kg7 {[%clk 0:01:23]} 30. Rg6+ {[%clk 0:18:42]} Kf8 {[%clk 0:00:53]}
31. f5 {[%clk 0:18:14]} Rdxd4 {[%clk 0:00:53]} 32. Rc6 {[%clk 0:15:32]} Rd8
{[%clk 0:00:33]} 33. f6 {[%clk 0:15:08]} Re6 {[%clk 0:00:43]} 34. Rc7 {[%clk
0:14:06]} Bd7 {[%clk 0:00:33]} 35. Rd1 {[%clk 0:13:17]} Rxf6 36. Rdxd7 {[%clk
0:13:19]} Rxd7 {[%clk 0:00:58]} 37. Rxd7 {[%clk 0:13:43]} Rc6 {[%clk 0:01:01]}
38. Ra7 {[%clk 0:12:50]} Kg8 {[%clk 0:00:41]} 39. Kf2 {[%clk 0:10:03]} Rd6
{[%clk 0:00:57]} 40. Ke2 {[%clk 0:09:41]} Kf8 {[%clk 0:01:10]} 41. g4 {[%clk
0:09:04]} Kg8 {[%clk 0:00:41]} 42. Re7 {[%clk 0:06:32]} Kf8 {[%clk 0:30:29]}
43. Rf7+ {[%clk 0:37:15]} Kg8 {[%clk 0:30:41]} 44. g5 {[%clk 0:37:26]} Rd5
{[%clk 0:30:23]} 45. Rf6 {[%clk 0:37:20]} a5 {[%clk 0:29:42]} 46. Bf7+ {[%clk
0:37:36]} 1-0